00456nam a2200181 a 4500001001300000003000900013005001700022008004100039020001000080082001300090245002400103260005000127300000800177500003500185505001500220650002100235710001800256nice12345678IN_TiNIC20260116012552.0050524s1946 alla grp 000 0 urd  ac10000a245bMIS aMajmua-E-Ghazaliyat aAllahabadbNorth India Christian Tractsc1946 a23p aincludes index and biblioraphy2 aroman urdu aChristian-Poetry2 aMission Press